[Event "Challenge"]
[Site "http://www.queenalice.com/game.php?id=1519408"]
[Date "2018.3.13"]
[Round "-"]
[White "skimonline"]
[Black "Rockstars1976"]
[Result "0-1"]
[WhiteElo "1496"]
[BlackElo "1517"]

1. c4 e5 2. a3 Bc5 3. e3 Nf6 4. f3 d5 5. Qa4+ c6 6. b4 Be7 7. b5 Nfd7 8. d4 exd4
9. exd4 dxc4 10. Bxc4 Nb6 11. Qb3 Nxc4 0-1

[Event "Challenge"]
[Site "http://www.queenalice.com/game.php?id=1527171"]
[Date "2018.5.13"]
[Round "-"]
[White "skimonline"]
[Black "gruppodilavoro"]
[Result "0-1"]
[WhiteElo "1496"]
[BlackElo "1813"]

1. d4 Nf6 2. f3 d5 3. g4 e6 4. Bd2 c5 5. g5 Nh5 6. e3 Be7 7. Nh3 Nc6 8. Bb5 Bd7
9. O-O Bxg5 10. f4 Bh6 11. Qxh5 cxd4 12. Rf3 Qb6 13. a4 O-O 14. Na3 a6 15. Bxc6
Bxc6 16. b3 dxe3 17. Bxe3 d4 18. Bf2 Bxf3 19. Qxf3 g6 20. Nc4 Qc5 21. Qxb7 Qh5
22. Kg2 Qg4+ 23. Bg3 Qe2+ 24. Nf2 d3 25. cxd3 Rad8 26. Rd1 Bg7 27. Qxa6 Bc3 28.
Nd6 Be1 29. Rxe1 Qb2 30. Qb6 Qf6 0-1

[Event "Challenge"]
[Site "http://www.queenalice.com/game.php?id=1538523"]
[Date "2018.8.11"]
[Round "-"]
[White "skimonline"]
[Black "princesher"]
[Result "0-1"]
[WhiteElo "1473"]
[BlackElo "1850"]

1. Nf3 d6 2. Nd4 a6 3. Nc3 e5 4. Nf3 h6 5. e3 Bg4 6. h3 Bxf3 7. Qxf3 c6 8. b3
Nf6 9. d4 exd4 10. exd4 Be7 11. Bc4 d5 12. Bd3 Nbd7 13. O-O g5 14. Re1 Qc7 15.
Rxe7+ Kxe7 16. Ba3+ c5 17. Re1+ Kf8 18. Nxd5 Nxd5 19. Qxd5 Re8 20. Bxc5+ Nxc5
21. dxc5 Rxe1+ 22. Bf1 Qc6 23. Qd8+ Kg7 24. Qd4+ Qf6 25. Qd2 Qa1 26. a4 Rxf1+
27. Kh2 Rh1+ 28. Kg3 Qe5+ 29. f4 Qxf4+ 30. Qxf4 gxf4+ 31. Kxf4 Re8 32. b4 Re2
33. Kf3 Rxc2 34. Kg3 Rc4 35. b5 Rxc5 36. Kf2 axb5 37. axb5 Rxb5 38. Kg3 Rf5 39.
h4 b5 40. Kg4 Kg6 41. g3 h5# 0-1

[Event "Challenge"]
[Site "http://www.queenalice.com/game.php?id=1589365"]
[Date "2019.11.8"]
[Round "-"]
[White "cristianrvm"]
[Black "skimonline"]
[Result "0-1"]
[WhiteElo "1385"]
[BlackElo "1478"]

1. e4 d5 2. exd5 Qxd5 3. Nc3 Qe5+ 4. Be2 Bg4 5. d4 Qa5 6. Bxg4 e6 7. Ne2 f5 8.
Bf3 Bb4 9. O-O Nc6 10. Re1 O-O-O 11. Bf4 e5 0-1

[Event "Challenge"]
[Site "http://www.queenalice.com/game.php?id=1589366"]
[Date "2019.11.8"]
[Round "-"]
[White "lelugri"]
[Black "skimonline"]
[Result "1-0"]
[WhiteElo "1450"]
[BlackElo "1471"]

1. c4 g6 2. Nc3 c6 3. Nf3 f6 4. g3 Nh6 5. Bg2 b5 6. cxb5 Bb7 7. bxc6 Nxc6 8. O-O
Ne5 9. d4 Bxf3 10. dxe5 Bxg2 11. Kxg2 Nf5 12. exf6 e6 13. e4 Nxg3 14. fxg3 d5
15. f7+ Ke7 16. Bg5+ Kd6 17. Bxd8 Rxd8 18. exd5 exd5 19. Qxd5+ Ke7 20. Rae1# 1-0

[Event "Challenge"]
[Site "http://www.queenalice.com/game.php?id=1589367"]
[Date "2019.11.8"]
[Round "-"]
[White "mariesco"]
[Black "skimonline"]
[Result "0-1"]
[WhiteElo "1450"]
[BlackElo "1454"]

1. e4 e5 2. d3 d6 3. c4 h5 4. g3 h4 5. g4 h3 6. Nc3 c6 7. Qa4 Qh4 8. Be2 Bxg4 9.
Qc2 Nd7 10. Nf3 Qf6 11. Bg5 Qg6 12. O-O Bxf3 13. Qd2 Bxe2 14. Nxe2 f6 15. f4
fxg5 16. fxg5 Be7 17. Ng3 Bxg5 18. Qe2 O-O-O 19. Rac1 Bxc1 20. Rxc1 Ngf6 21. Kf1
Rhf8 22. Nf5 Ng4 23. Qf3 Nxh2+ 24. Kf2 Nxf3 25. Ne7+ Kc7 26. Nxg6 Rf7 27. b4
Nh4+ 28. Kg3 Nxg6 29. Kxh3 Nf4+ 30. Kh2 Rh8+ 31. Kg1 Ne2+ 32. Kg2 Nxc1 0-1

[Event "Challenge"]
[Site "http://www.queenalice.com/game.php?id=1589368"]
[Date "2019.11.8"]
[Round "-"]
[White "HomerNotSimpson"]
[Black "skimonline"]
[Result "0-1"]
[WhiteElo "1498"]
[BlackElo "1470"]

1. e4 e5 2. f4 f5 3. exf5 exf4 4. Nf3 d6 5. Bc4 Bxf5 6. d3 h6 7. O-O Nf6 8. Bxf4
g5 9. Bd2 g4 10. Bc3 Bg7 0-1

[Event "Challenge"]
[Site "http://www.queenalice.com/game.php?id=1593303"]
[Date "2019.12.17"]
[Round "-"]
[White "skimonline"]
[Black "BOY2020"]
[Result "0-1"]
[WhiteElo "1487"]
[BlackElo "1671"]

1. f4 d5 2. c3 Nf6 3. e4 Nxe4 4. Qa4+ c6 5. d3 Nc5 6. Qd4 e6 7. f5 Nbd7 8. Nf3
Nf6 9. b4 Na6 10. a4 c5 11. bxc5 Bxc5 12. Qe5 O-O 13. d4 Bd6 14. Qe3 exf5 15.
Ba3 Re8 16. Bxd6 Rxe3+ 17. Be2 Qxd6 18. Ne5 Ng4 19. Nxg4 fxg4 20. Nd2 g3 21. h4
Bg4 22. Nf3 Qe6 0-1

[Event "Challenge"]
[Site "http://www.queenalice.com/game.php?id=1610682"]
[Date "2020.5.3"]
[Round "-"]
[White "skimonline"]
[Black "tewald"]
[Result "0-1"]
[WhiteElo "1508"]
[BlackElo "2025"]

1. Nc3 d5 2. e4 d4 3. Nce2 e5 4. Nf3 Nc6 5. c3 Bg4 6. h3 Bxf3 7. gxf3 d3 8. Ng3
Nge7 9. Bxd3 Ng6 10. O-O Nf4 11. Bc4 Qh4 12. Kh2 Qxh3+ 13. Kg1 Qg2# 0-1

[Event "Challenge"]
[Site "http://www.queenalice.com/game.php?id=1610684"]
[Date "2020.5.3"]
[Round "-"]
[White "skimonline"]
[Black "amadeo"]
[Result "0-1"]
[WhiteElo "1481"]
[BlackElo "1435"]

1. Nc3 d5 2. e4 Nf6 3. e5 Nfd7 4. Bb5 c6 5. Ba4 b5 6. Bb3 Nc5 7. d4 Nxb3 8. axb3
e6 9. Nf3 Bb4 10. O-O O-O 11. Bg5 Qd7 12. Ne2 h6 13. Bf4 Qe7 14. c3 Ba5 15. b4
Bb6 16. Ng3 a5 17. Qd3 a4 18. Nh5 g6 19. Ng3 h5 20. Bg5 Qc7 21. Nh4 Nd7 22. Nxg6
fxg6 23. Qxg6+ Kh8 24. Qxh5+ Kg8 25. Qg6+ Kh8 26. Qxe6 Nf6 0-1

[Event "Challenge"]
[Site "http://www.queenalice.com/game.php?id=1610721"]
[Date "2020.5.3"]
[Round "-"]
[White "amadeo"]
[Black "skimonline"]
[Result "1-0"]
[WhiteElo "1416"]
[BlackElo "1500"]

1. e4 e5 2. Nf3 f6 3. Bc4 Bc5 4. d4 Bb4+ 5. c3 Ba5 6. b4 Bb6 7. Bxg8 Rxg8 8. O-O
a5 9. dxe5 d6 10. exf6 gxf6 11. bxa5 Bxa5 12. Qd5 Rxg2+ 13. Kxg2 c6 14. Qg8+ Kd7
15. Qxh7+ Qe7 16. Qxe7+ Kxe7 17. Bd2 f5 18. exf5 Bxf5 19. Re1+ Kd7 20. Nd4 Be4+
21. f3 Bd3 22. h4 Na6 23. h5 Rg8+ 24. Kh3 Bd8 25. h6 c5 26. Re3 1-0

[Event "Challenge"]
[Site "http://www.queenalice.com/game.php?id=1616649"]
[Date "2020.6.14"]
[Round "-"]
[White "HolyPhoenix"]
[Black "skimonline"]
[Result "0-1"]
[WhiteElo "1395"]
[BlackElo "1459"]

1. e4 e5 2. Nf3 d6 3. Bc4 Bg4 4. h3 Be6 5. d3 Nc6 6. Bb5 a6 7. Ba4 b5 8. Bb3 Nd4
9. Nxd4 Bxb3 10. Nxb3 g6 11. h4 h5 12. Nc3 Nf6 13. Bg5 c6 14. Qf3 Qe7 0-1

[Event "Challenge"]
[Site "http://www.queenalice.com/game.php?id=1627945"]
[Date "2020.9.24"]
[Round "-"]
[White "skimonline"]
[Black "dejami"]
[Result "1-0"]
[WhiteElo "1451"]
[BlackElo "1738"]

1. c4 e6 2. a3 Bc5 3. b4 Bd4 4. Ra2 Qf6 5. e3 Be5 6. d4 Bd6 7. g3 Ne7 8. Nc3 O-O
9. c5 Nd5 10. Ne4 Qg6 11. Qd3 Be7 12. f4 f5 13. Ng5 Bxg5 14. fxg5 Qxg5 15. Nh3
Qg6 16. Nf4 Nxf4 17. exf4 Nc6 18. h4 Qf6 19. Be3 Ne7 20. d5 Nxd5 21. Bd4 Qg6 22.
Rg2 a6 23. a4 Nxb4 24. Qe2 Nc6 25. Bc3 Qe8 26. Qe3 Qd8 27. g4 Rf7 28. g5 Ne7 29.
h5 Nd5 30. Qd4 Kf8 31. h6 g6 32. Bb2 Ke7 33. Ba3 c6 34. Re2 Qa5+ 35. Rd2 b5 36.
Bd3 Rb8 37. Ke2 b4 38. Bb2 Bb7 39. Re1 Kf8 40. Qh8+ Ke7 41. Qxb8 Nxf4+ 42. Kf3
1-0

[Event "Challenge"]
[Site "http://www.queenalice.com/game.php?id=1627946"]
[Date "2020.9.24"]
[Round "-"]
[White "dejami"]
[Black "skimonline"]
[Result "1-0"]
[WhiteElo "1753"]
[BlackElo "1455"]

1. e4 c5 2. Bc4 e6 3. Nc3 a6 4. Qf3 b5 5. Bf1 b4 6. Nce2 d5 7. e5 Nc6 8. Qg3 h5
9. d3 h4 10. Qf3 Nxe5 11. Qf4 Bd6 12. Qd2 a5 13. Nh3 f6 14. Nhf4 g5 15. Nh3 c4
16. d4 Ng4 17. f3 Nxh2 18. c3 Nxf1 19. Kxf1 bxc3 20. Nxc3 Bb4 21. Qc2 Nh6 22.
Qg6+ Nf7 23. Qc2 Ba6 24. Kf2 Qb6 25. Be3 Nd6 26. Nd1 Nf5 27. a3 Bd6 28. Nc3 Nxe3
29. Kxe3 e5 30. Qg6+ Ke7 31. Nxd5+ Ke6 32. Nxb6 Rag8 33. Nxg5+ Ke7 34. Qf7+ Kd8
35. Ne6# 1-0

[Event "Challenge"]
[Site "http://www.queenalice.com/game.php?id=1635283"]
[Date "2020.12.4"]
[Round "-"]
[White "Carlos19"]
[Black "skimonline"]
[Result "1-0"]
[WhiteElo "1448"]
[BlackElo "1472"]

1. e4 e5 2. Nf3 d6 3. Bc4 Bg4 4. O-O a6 5. h3 Bxf3 6. Qxf3 Qf6 7. Qxf6 gxf6 8.
d3 b5 9. Bb3 Nc6 10. c4 Nd4 11. Nd2 Ne2+ 12. Kh2 1-0